Los hermanos (Record no. 186544)

MARC details
000 -LEADER
campo de control de longitud fija 00789nam a2200241 i 4500
001 - NÚMERO DE CONTROL
campo de control 186544
003 - IDENTIFICADOR DE NÚMERO DE CONTROL
campo de control SpMaBN
005 - FECHA Y HORA DE LA ÚLTIMA TRANSACCIÓN
campo de control 20260525062938.0
008 - DATOS DE LONGITUD FIJA--INFORMACIÓN GENERAL
campo de control de longitud fija 161123s1947 ag |||| | spa d
080 ## - NÚMERO DE LA CLASIFICACIÓN DECIMAL UNIVERSAL
Número de la Clasificación Decimal Universal 821.124-22"-01"
100 1# - ENTRADA PRINCIPAL--NOMBRE DE PERSONA
Nombre de persona Terencio Africano, Publio.
9 (RLIN) 109734
245 14 - MENCIÓN DEL TÍTULO
Título Los hermanos
Resto del título ; El eunuco ; Formión /
Mención de responsabilidad, etc. Publio Terencio Afer ; [traducido por Pedro Simón Abril].
246 10 - FORMA VARIANTE DEL TITULO
Título propio/Titulo breve Formión
250 ## - MENCION DE EDICION
Mención de edición 2ª ed.
260 ## - PUBLICACIÓN, DISTRIBUCIÓN, ETC.
Lugar de publicación, distribución, etc. Buenos Aires :
Nombre del editor, distribuidor, etc. Espasa-Calpe Argentina,
Fecha de publicación, distribución, etc. 1947.
300 ## - DESCRIPCIÓN FÍSICA
Extensión 181 p. ;
Dimensiones 18 cm.
490 1# - MENCIÓN DE SERIE
Mención de serie Colección austral ;
Designación de volumen o secuencia 743
700 1# - ENTRADA AGREGADA--NOMBRE PERSONAL
Nombre de persona Abril, Pedro Simón,
Fechas asociadas al nombre 1530?-1595?
9 (RLIN) 18170
740 32 - ENTRADA AGREGADA--TÍTULO RELACIONADO/ANALÍTICO NO CONTROLADO
Título relacionado o analítico no controlado El eunuco.
830 0# - PUNTO DE ACCESO ADICIONAL DE SERIE-TÍTULO UNIFORME
Título uniforme Colección austral
Designación de volumen o secuencia 743
9 (RLIN) 177655
852 ## - LOCALIZACIÓN
Ubicación ES-MaACL
Número de control de estantería L-30889
Nota libre . - Donat. Miguel A. Velasco
Holdings
Estatus retirado Estado de pérdida Estado de daño No para préstamo Biblioteca de origen Biblioteca actual Ubicación en estantería Fecha de adquisición Fuente de adquisición Total de préstamos Signatura topográfica completa Código de barras Visto por última vez Precio de reemplazo Tipo de ítem Koha
        Biblioteca del Ateneo de Madrid Biblioteca del Ateneo de Madrid Depósito 2 23/11/2016     L-30889 1196711 23/02/2023 23/02/2023 Libro impreso